000 01606nam a22003977a 4500
003 CHAP
005 20220329143557.0
008 100621s2010 mx r 00010 spa d
010 _a98769
011 _a99741
035 _a110427
040 _cCHAP
090 _aTesis
100 1 _aRamos Cortés, Alejandro.
_994404
245 1 0 _aIdentificación de trigos cristalinos (Triticum durum) con alto contenido de carotenoides y baja actividad de polifenoloxidasa y lipoxigenasa
_c/por Alejandro Ramos Cortéz y Paola Lizbeth Martínez Díaz
260 _aChapingo, Méx. :
_bEl autor,
_c2010
300 _ax, 91 h. :
_bcuadros, gráfs.
502 _aTesis (Ing. Agroindustrial) -- UACH. Departamento de Ingeniería Agroindustrial
530 _aTambién disponible en línea
590 _aALEPH
_b10
_c20130110
_lUCH01
_h1535
590 _aBATCH-UPD
_b10
_c20130110
_lUCH01
_h1138
590 _aBATCH-UPD
_b10
_c20130410
_lUCH01
_h0724
590 _aBATCH-UPD
_b10
_c20130914
_lUCH01
_h1800
590 _aBATCH-UPD
_b10
_c20140324
_lUCH01
_h1518
590 _aBATCH-UPD
_b10
_c20141002
_lUCH01
_h0844
590 _aCONVERSION
_b10
_c20130109
_lUCH01
_h1355
650 1 4 _aTrigo cristalino.
_9115136
650 1 4 _aTrigo
_xGenética.
_9115030
650 1 4 _aTrigo
_xVariedades.
_9115119
700 1 _aMartínez Díaz, Paola Lizberth.
_9175512
856 _3Finding aid
_uhttp://10.13.5.2/tesis/110427.pdf
_zTeclea aqui
901 _aBK
942 _cFOLL
949 _aTesis
_bBC
_cTES
_d33724002177330
_eTS2
_fc.2
_gDonaciØn
_h50781
_i110427
_sb
949 _aTesis
_bBC
_cTES
_d33724002177371
_eTS1
_gDonaciØn
_h50780
_i110427
_sb
999 _c98769
_d98769